000 00544nam a2200253Ia 4500
003 IT-RoPAU
005 20220918175652.0
008 120407s9999 xx 000 0 und d
040 _aIT-RoPAU
040 _cIT-RoPAU
041 _aita
100 _aGiorgio Abetti
_935236
245 _aLa vita dell’universo
250 _aTorino
260 _aERI
260 _c1965
300 _a109 p.
300 _c18 cm
490 _aClasse unica, 141
490 _v1
600 _a1. Universo
_935237
942 _cBK
_2ddc
999 _c24290
_d24290